000 00943nam a2200301 i 4500
001 000009914
003 DO-SdBNP
005 20260427114044.0
007 ta
008 091002s1994 dr a 000 p spa d
040 _aDO-SdBNP
_bspa
_cBNPHU
_erda
041 _hspa
082 4 _aRD861.44
_bM351d
_222
100 1 _aMármol, José,
_d1960-
_96454
_4aut.
_eautor
245 1 0 _aDeus ex machina :
_b(poemas) /
_cJosé Mármol.
264 _aSanto Domingo :
_bEditora Taller,
_c1994.
300 _a102 páginas :
_bilustraciones ;
_c22 cm.
336 _atexto
_btxt
_2rdacontent
337 _asin mediación
_bn
_2rdamedia
338 _avolumen
_bnc
_2rdacarrier
500 _aIncluye datos biográficos del autor en la solapa de la cubierta
586 _aPremio de poesía 1994
590 _aInventariado, 2018/LP
650 0 _aPoesía dominicana
_966
650 0 _aLiteratura dominicana.
_967
910 _aCalidad MFF
942 _2ddc
_cLBS1
999 _c9673
_d9673